| 000 | 00797nam a2200253Ia 4500 | ||
|---|---|---|---|
| 003 | PE SENCICO BE | ||
| 005 | 20251020182438.0 | ||
| 008 | 200515s9999 xx 000 0 und d | ||
| 020 | _a84-357-0078-X | ||
| 040 |
_aPE SENCICO BE _cPE SENCICO BE |
||
| 041 | _aspa | ||
| 082 |
_a516.22 _bB17 |
||
| 100 | 1 |
_aBaldor, Aurelio _93147 _eautor |
|
| 245 | 1 | 0 |
_aGeometría plana y del espacio : _bcon una introducción a la trigonometría / _cAurelio Baldor |
| 250 | _a1a ed. | ||
| 260 |
_aMadrid : _bCultural Centroamericana ; _c1977 |
||
| 300 |
_a423 páginas : _bilustraciones a color ; _c23 cm. |
||
| 650 | 1 | 0 |
_aGeometría _921 |
| 650 | 2 | 0 |
_aTrigonometría _92104 |
| 650 | 2 | 0 |
_aPolígonos _93141 |
| 650 | 2 | 0 |
_aFunciones trigonométricas _92149 |
| 650 | 2 | 0 |
_aLogaritmos _93139 |
| 942 |
_cLIB _2ddc |
||
| 999 |
_c447 _d447 |
||